000 00786nam a2200241Ia 4500
003 OSt
005 20220923224029.0
006 a|||||r|||| 00| 0
007 ta
008 220922b |||||||| |||| 00| 0 hin d
024 _a224,224
037 _cTextual
040 _aARTS
_cARTS
_bhin
041 _2hin
_ahin
082 _a40aD65,43, 152P4
100 _aहरिमोहन
_9156280
245 0 _aरेडियो और दूरदर्शन पत्रकारिता
246 _aReḍiyo aur dūradarshan patrakāritā
260 _aनई दिल्ली
_b तक्षशिला प्रकाशन
_c2004
300 _a192पृ.
_ccm.
942 _h40aD65,43, 152P4
_cTEXL
_2CC
999 _c368751
_d368751